| 000 | 00469nam a22001811a 4500 | ||
|---|---|---|---|
| 001 | 2168 | ||
| 003 | OSt | ||
| 005 | 20260204211802.0 | ||
| 008 | 040124s1953||||dr ||||||b||||||||||spa|| | ||
| 050 | _aRD 164 B441 | ||
| 082 | _aN164p B441 | ||
| 100 | _aBenton Frederick L. | ||
| 245 | _aLa última sepultura de Cristóbal Colón / Frederick L. Benton | ||
| 264 | _aSanto Domingo : Talleres Topográficos | ||
| 300 | _a100 p | ||
| 650 | _a1.HistoriaÌ | ||
| 942 |
_2ddc _cBK |
||
| 999 |
_c2168 _d2168 |
||